Datum a čas kvízu
8
Celkem bodů
Celkový počet nahraných bodů na tomto kvízu bez doplňovacích otázek.
7.
Pořadí na kvízu
Konečné umístění týmu na tomto kvízu.
Zaznamenané odpovědi
| # | Otázka | Odpověď | Body | Výsledky |
|---|---|---|---|---|
| 1. | Dům zahraniční spolupráce minu... | B | 0 | |
| 2. | Ruská poslankyně Natalja Poklo... | na Krym | 0 | |
| 3. | Ve čtvrtek vstoupil do našich... | Hynek Čermák | 1 | |
| 4. | Společnost Mattel představila... | Panenky jsou genderově neutrální. | 0 | |
| 5. | V pátek začal světový šampioná... | Katar | 0 | |
| 6. | V tomto tématu se podíváme na... | Vyšehrad, Blaník | 1 | |
| 7. | Kolik procent tuku musí nejmén... | 10 % | 0 | |
| 8. | Celá rostlina pampelišky, tedy... | latex | 0 | |
| 9. | Po Bedřichu Smetanovi byl pojm... | Merkur | 0 | |
| 10. | Futuretro, Biorytmy, Kluci kde... | Tata Bojs | 0 |